000
00321 a2200145 4500
001
61265
020
_a
9783126754446
040
_c
Anchieta - Pituba
240
1
0
_a
Visuell
_l
deu / ger
245
1
0
_a
Visuell
300
_a
72
362
0
_a
2011
650
4
_a
Línguas germânicas (teutônicas) língua alemã
942
_c
BK
999
_c
61265
_d
61265